[Event "Francophone-ch 3rd"]
[Site "Montreal"]
[Date "2015.07.24"]
[Round "8"]
[White "Zhu, Hong Rui"]
[Black "Lopez, Andre"]
[Result "1-0"]
[WhiteElo "2193"]
[BlackElo "1909"]
[PlyCount "61"]
[EventDate "2015.07.17"]
[EventType "swiss"]
[EventRounds "9"]
[EventCountry "CAN"]
[SourceTitle "EXT 2016"]
[Source "ChessBase"]
[SourceDate "2015.10.08"]
[SourceVersion "1"]
[SourceVersionDate "2015.10.08"]
[SourceQuality "1"]

1. e4 e5 2. Nf3 Nc6 3. d4 exd4 4. Bc4 Nf6 5. e5 Ne4 6. 0-0 d5 7. Bb5 Bd7 8. Bxc6 bxc6 9. Nxd4 Bc5 10. c3 0-0 11. f3 Ng5 12. f4 Ne4 13. Be3 f6 14. Nd2 Nxd2 15. Qxd2 fxe5 16. fxe5 Qe7 17. Nf3 Rab8 18. Bxc5 Qxc5+ 19. Kh1 Qb5 20. b4 a5 21. a3 Rbe8 22. Qd4 axb4 23. axb4 Ra8 24. Kg1 Bf5 25. Rxa8 Rxa8 26. Qf4 Bg6 27. Nd4 Qc4 28. e6 Qxc3 29. e7 Qxb4 30. Qf8+ Rxf8 31. Rxf8# 1-0

[Event "Francophone-ch 3rd"]
[Site "Montreal"]
[Date "2015.07.18"]
[Round "3"]
[White "Lopez, Andre"]
[Black "Tsypin, Allison"]
[Result "1-0"]
[WhiteElo "1909"]
[BlackElo "1267"]
[PlyCount "53"]
[EventDate "2015.07.17"]
[EventType "swiss"]
[EventRounds "9"]
[EventCountry "CAN"]
[SourceTitle "EXT 2016"]
[Source "ChessBase"]
[SourceDate "2015.10.08"]
[SourceVersion "1"]
[SourceVersionDate "2015.10.08"]
[SourceQuality "1"]

1. d4 Nf6 2. c4 c5 3. d5 b5 4. cxb5 a6 5. b6 Qxb6 6. Nc3 d6 7. e4 g6 8. Nf3 Bg7 9. Be2 Nbd7 10. 0-0 0-0 11. a4 Ng4 12. Nd2 Nge5 13. a5 Qa7 14. Kh1 Nf6 15. f4 Neg4 16. Nc4 Nh6 17. Ra3 Bg4 18. Bxg4 Nfxg4 19. h3 Nf6 20. g4 Kh8 21. g5 Nh5 22. gxh6 Ng3+ 23. Kg2 Bxc3 24. Kxg3 Bd4 25. Be3 Bxe3 26. Rxe3 Rab8 27. Qc2 1-0

[Event "Saint Affrique op 22nd"]
[Site "Saint Affrique"]
[Date "2014.07.22"]
[Round "5"]
[White "Daurelle, Herve"]
[Black "Lopez, Andre"]
[Result "1-0"]
[WhiteElo "2189"]
[BlackElo "2003"]
[PlyCount "51"]
[EventDate "2014.07.19"]
[EventType "swiss"]
[EventRounds "9"]
[EventCountry "FRA"]
[SourceTitle "CBM 161 Extra"]
[Source "ChessBase"]
[SourceDate "2014.08.29"]
[SourceVersion "1"]
[SourceVersionDate "2014.08.29"]
[SourceQuality "1"]

1. e4 e5 2. Nf3 Nc6 3. d4 exd4 4. Bc4 Nf6 5. 0-0 Nxe4 6. Re1 d5 7. Bxd5 Qxd5 8. Nc3 Qa5 9. Nxe4 Be6 10. Bd2 Qd5 11. Bg5 Be7 12. Bxe7 Nxe7 13. Nxd4 0-0-0 14. Nxe6 Qxe6 15. Qf3 Qf5 16. Qc3 Qf6 17. Nc5 Nd5 18. Qa3 Kb8 19. c4 Nf4 20. Qf3 Qb6 21. Nxb7 Rd4 22. Rad1 Rxd1 23. Rxd1 Ne6 24. Rd7 Qxb2 25. Na5 Qb4 26. Rd1 1-0

[Event "Saint Affrique op 22nd"]
[Site "Saint Affrique"]
[Date "2014.07.21"]
[Round "4"]
[White "Lopez, Andre"]
[Black "Jackson, Daniel"]
[Result "1-0"]
[WhiteElo "2003"]
[BlackElo "1657"]
[PlyCount "29"]
[EventDate "2014.07.19"]
[EventType "swiss"]
[EventRounds "9"]
[EventCountry "FRA"]
[SourceTitle "CBM 161 Extra"]
[Source "ChessBase"]
[SourceDate "2014.08.29"]
[SourceVersion "1"]
[SourceVersionDate "2014.08.29"]
[SourceQuality "1"]

1. d4 Nf6 2. c4 e6 3. Nc3 Bb4 4. Bg5 h6 5. Bh4 c5 6. e3 d5 7. Nf3 Qa5 8. Bxf6 Bxc3+ 9. bxc3 Qxc3+ 10. Nd2 gxf6 11. cxd5 Nd7 12. dxe6 fxe6 13. Rc1 Qa5 14. dxc5 Nxc5 15. Qh5+ 1-0